Caliméro - Statistiques

Statistiques générales
  • Ce quiz a été pris 16 fois
  • Le résultat moyen est 9 sur 13
Statistiques - réponses
Question Réponse % Correct
Caliméro est un : poussin
100%
Il est particulièrement : malchanceux
94%
Sa réplique préférée est : c'est vraiment trop injuste
88%
Sa couleur est le : noir
88%
Il porte sur la tête : une coquille d'oeuf
88%
Il est d'origine : italienne
81%
Caliméro est aussi le nom : d'un évêque de Milan
75%
Son amoureuse est une : Oiselle
75%
Il est amoureux de : Priscilla
50%
Le nom de famille de son ami Pierrot est : Aucune idée, mais si vous le savez, je le mettrai avec plaisir
44%
Le nom de famille de Caliméro est : Gallettoni
38%
Son ami Valériano est passionné : par la réalisation de films
31%
Combien y a t-il eu de séries de Caliméro à la télévision ? Tres
25%
Aucun quiz correspondant
Distribution des résultats
% des personnes avec chaque résultat
Percentile par nombre de réponses
Votre historique - résultats
Vous n’avez pas pris ce quiz